[Event "First Saturday 2009 oktober IM-B"]
[Site "Budapest"]
[Date "2009.10.03"]
[Round "1"]
[White "Lyell, Mark"]
[Black "Farago, Sandor"]
[Result "1-0"]
[WhiteElo "2217"]
[BlackElo "2236"]
[PlyCount "55"]
[EventDate "2009.10.03"]

1. e4 e5 2. Nc3 Nc6 3. f4 exf4 4. Nf3 g5 5. h4 g4 6. Ng5 Nh6 7. d4 Bg7 8. Bxf4
Nxd4 9. Qd2 d6 10. O-O-O Bd7 11. Bc4 b5 12. Bxf7+ Nxf7 13. Nxf7 Kxf7 14. Rhf1
Kg8 15. Bg5 Qe8 16. Nd5 Nc6 17. Nxc7 Qxe4 18. Nxa8 Nd4 19. Nc7 b4 20. Kb1 Ba4
21. b3 Bb5 22. Rf4 Qc6 23. Rxd4 Qxc7 24. Rxd6 Be8 25. Qd5+ Bf7 26. Rd8+ Bf8 27.
Bh6 Qe7 28. Qa8 1-0

[Event "First Saturday 2009 oktober IM-B"]
[Site "Budapest"]
[Date "2009.10.03"]
[Round "1"]
[White "Malinarski, Yehuda"]
[Black "Szalanczy, Emil"]
[Result "1-0"]
[WhiteElo "2098"]
[BlackElo "2354"]
[PlyCount "55"]
[EventDate "2009.10.03"]

1. e4 c5 2. Nf3 d6 3. d4 cxd4 4. Nxd4 Nf6 5. Nc3 g6 6. Be3 Bg7 7. f3 Nc6 8. Qd2
Bd7 9. O-O-O h5 10. Kb1 Rc8 11. Nb3 a6 12. h3 Be6 13. Be2 b5 14. g4 Qc7 15. g5
Nd7 16. f4 Nb6 17. Bd3 Na4 18. Nd5 Qb7 19. f5 gxf5 20. Nf4 Nxb2 21. exf5 Bxb3
22. axb3 Nxd1 23. Rxd1 Ne5 24. f6 exf6 25. gxf6 Bxf6 26. Bf5 Rd8 27. Nd5 Be7
28. Qg2 1-0

[Event "First Saturday 2009 oktober IM-B"]
[Site "Budapest"]
[Date "2009.10.03"]
[Round "1"]
[White "Nguyen, Thi Mai Hung"]
[Black "Kislik, Erik Andrew"]
[Result "0-1"]
[WhiteElo "2213"]
[BlackElo "2339"]
[PlyCount "190"]
[EventDate "2009.10.03"]

1. d4 Nf6 2. c4 e6 3. Nf3 d5 4. Nc3 Bb4 5. cxd5 exd5 6. Bg5 h6 7. Bh4 g5 8. Bg3
Ne4 9. Nd2 Nxc3 10. bxc3 Bxc3 11. Rc1 Ba5 12. h4 g4 13. Be5 f6 14. Bf4 Nc6 15.
e3 Ne7 16. h5 Be6 17. Qc2 c6 18. Bd3 Qd7 19. Ke2 Bc7 20. Bxc7 Qxc7 21. Nb3 b6
22. g3 O-O 23. Kf1 Kh8 24. Rd1 Rg8 25. Nc1 Rg5 26. Ne2 f5 27. Nf4 Bf7 28. Kg2
Qd7 29. Rc1 Rf8 30. Be2 Be8 31. Qa4 Rf6 32. Rc3 Ng8 33. Ra3 Rg7 34. Bd1 Rd6 35.
Qb4 Rf6 36. Rc3 Qe7 37. Qb3 Rd6 38. Bc2 Rg5 39. Qa3 Rd7 40. Qc1 Rd8 41. Ba4 b5
42. Bc2 Kg7 43. Bd3 Rd6 44. Qc2 Rf6 45. Rc5 Qd6 46. Rc1 Ne7 47. Rh1 Kh8 48. Qc3
Qd8 49. Qa3 Qb6 50. Qb4 Bf7 51. Rc3 Nc8 52. Rhc1 Rg8 53. a3 Kg7 54. Rc5 a6 55.
Qc3 Ne7 56. Rb1 Rb8 57. Qc2 Qb7 58. Rc1 Qd7 59. Qc3 Rb6 60. Be2 Qb7 61. Qc2 Be8
62. Bd3 Bd7 63. f3 gxf3+ 64. Kxf3 Nc8 65. Ng6 Nd6 66. Ne5 Nc4 67. Qc3 Be8 68.
Rh1 Qe7 69. Bxc4 bxc4 70. Qa5 Rb5 71. Rxb5 axb5 72. Ke2 Re6 73. g4 fxg4 74.
Nxg4 Qg5 75. Qc7+ Re7 76. Qg3 Bxh5 77. Kd2 Bxg4 78. Rg1 c3+ 79. Kd3 h5 80. Qf2
Rf7 81. Qh2 c2 82. Re1 Qf5+ 83. Kc3 Qf2 84. Qe5+ Kh7 85. Rh1 c1=Q+ 86. Rxc1 Qa2
87. Rc2 Qxa3+ 88. Kd2 Qb4+ 89. Kd3 Bf5+ 90. Ke2 Bxc2 91. Qxh5+ Kg7 92. Qe5+ Rf6
93. Qc7+ Kg6 94. Qg3+ Kf7 95. Qc7+ Qe7 0-1

[Event "First Saturday 2009 oktober IM-B"]
[Site "Budapest"]
[Date "2009.10.03"]
[Round "1"]
[White "Boguszlavszkij, Jevgenyij"]
[Black "Turzo, Attila"]
[Result "0-1"]
[WhiteElo "2256"]
[BlackElo "2314"]
[PlyCount "90"]
[EventDate "2009.10.03"]

1. d4 d5 2. Nc3 Nf6 3. Bf4 Bf5 4. f3 e6 5. g4 Bg6 6. h4 h6 7. e3 c5 8. Bd3 Bxd3
9. Qxd3 Nc6 10. Nge2 cxd4 11. exd4 Be7 12. O-O-O Nd7 13. g5 hxg5 14. hxg5 Rxh1
15. Rxh1 Bxg5 16. Nb5 Bxf4+ 17. Nxf4 Nf8 18. Re1 Qg5 19. Nc7+ Kd7 20. Nxa8
Qxf4+ 21. Qe3 Qb8 22. Qg5 Ng6 23. c4 Nce7 24. f4 f5 25. cxd5 exd5 26. Qg2 Qxa8
27. Qe2 Qc8+ 28. Kb1 Qc6 29. Rc1 Qb6 30. Qd2 Nc6 31. Qg2 Nge7 32. Qxg7 Qxd4 33.
Qxd4 Nxd4 34. Rf1 Ne6 35. Kc2 Ng6 36. Rh1 Ngxf4 37. Kc3 Ng6 38. Rh7+ Ne7 39.
Rh8 Kd6 40. Rb8 b6 41. b4 Nc6 42. Rb7 Nc7 43. a4 d4+ 44. Kc4 Kd7 45. a5 b5+ 0-1

[Event "First Saturday 2009 oktober IM-B"]
[Site "Budapest"]
[Date "2009.10.03"]
[Round "1"]
[White "Ferkingstad, Sjur"]
[Black "Papp, Petra"]
[Result "1-0"]
[WhiteElo "2292"]
[BlackElo "2192"]
[PlyCount "145"]
[EventDate "2009.10.03"]

1. e4 c5 2. Nc3 d6 3. f4 g6 4. Nf3 Bg7 5. Bb5+ Bd7 6. O-O Bxb5 7. Nxb5 Nf6 8.
d3 O-O 9. a4 Nc6 10. c3 a6 11. Na3 b5 12. Nc2 Rb8 13. axb5 axb5 14. Ne3 Qd7 15.
f5 b4 16. Ra6 Ra8 17. Qa4 Rxa6 18. Qxa6 bxc3 19. bxc3 Ne8 20. Nd5 Kh8 21. fxg6
fxg6 22. Bd2 Ne5 23. Nxe5 Rxf1+ 24. Kxf1 Bxe5 25. Qa8 Kg7 26. h3 e6 27. Nb6
Qf7+ 28. Ke2 Bg3 29. Be3 Nf6 30. Qd8 Be5 31. Nc4 Nh5 32. Nxe5 Ng3+ 33. Kd2 dxe5
34. Bxc5 Qf4+ 35. Kc2 Ne2 36. Qe7+ Kh6 37. Qf8+ Kh5 38. Qxf4 Nxf4 39. Bd6 Nxg2
40. c4 Ne1+ 41. Kd2 Nf3+ 42. Kc3 Nd4 43. Bxe5 Nc6 44. Bg3 e5 45. Kd2 g5 46. c5
g4 47. hxg4+ Kxg4 48. Be1 Kg5 49. Kc3 Kf6 50. Kc4 Ke6 51. Kb5 Kd7 52. Kb6 Nd8
53. Bg3 Nc6 54. Bh2 Nb4 55. Bxe5 Nxd3 56. c6+ Kc8 57. Bg3 Nb4 58. Kb5 Nc2 59.
e5 Nd4+ 60. Kc5 Nf5 61. Bf4 h5 62. e6 h4 63. Bd6 h3 64. Bh2 Ne7 65. c7 Nf5 66.
Kd5 Ne3+ 67. Ke4 Ng4 68. e7 Nf6+ 69. Kf5 Ne8 70. Ke6 Kb7 71. Kf7 Nxc7 72. Bxc7
Kxc7 73. e8=Q 1-0

[Event "First Saturday 2009 oktober IM-B"]
[Site "Budapest"]
[Date "2009.10.04"]
[Round "2"]
[White "Farago, Sandor"]
[Black "Papp, Petra"]
[Result "1/2-1/2"]
[WhiteElo "2236"]
[BlackElo "2192"]
[PlyCount "83"]
[EventDate "2009.10.03"]

1. e4 c5 2. Nf3 d6 3. d4 cxd4 4. Nxd4 Nf6 5. Nc3 a6 6. Bc4 e6 7. Bb3 b5 8. a3
Bb7 9. f3 Nc6 10. Be3 Qc7 11. g4 Nd7 12. Bxe6 fxe6 13. Nxe6 Qc8 14. Nd5 Kf7 15.
Ndc7 Nce5 16. Qe2 Be7 17. O-O-O Nf8 18. Nxa8 Qxe6 19. Nb6 Nfd7 20. Nd5 Bxd5 21.
exd5 Qg6 22. h4 Rf8 23. h5 Qf6 24. f4 Nc4 25. Bd4 Qxf4+ 26. Kb1 Kg8 27. Bxg7
Rf7 28. Bc3 Nde5 29. Rd4 Qf3 30. Qe1 Nd7 31. b3 Ne3 32. Bd2 Bg5 33. Rg1 h6 34.
a4 Ng2 35. Qc1 Be3 36. Bxe3 Nxe3 37. axb5 Nxd5 38. Qxh6 Nc3+ 39. Kb2 Nxb5 40.
Qd2 Nxd4 41. Qxd4 Qf4 42. Qd5 {after 18 move} 1/2-1/2

[Event "First Saturday 2009 oktober IM-B"]
[Site "Budapest"]
[Date "2009.10.04"]
[Round "2"]
[White "Turzo, Attila"]
[Black "Ferkingstad, Sjur"]
[Result "1-0"]
[WhiteElo "2314"]
[BlackElo "2292"]
[PlyCount "87"]
[EventDate "2009.10.03"]

1. d4 f5 2. Nf3 g6 3. Nc3 Nf6 4. Bg5 Bg7 5. Qd2 O-O 6. Bxf6 exf6 7. g3 d5 8.
Bg2 c6 9. O-O Na6 10. e3 Nc7 11. Na4 Be6 12. b3 Bf7 13. Rfc1 Ne8 14. c4 Nd6 15.
c5 Ne4 16. Qc2 Re8 17. b4 Bh6 18. Nb2 Nxf2 19. Kxf2 Bxe3+ 20. Kf1 Bxc1 21. Rxc1
a5 22. bxa5 Qxa5 23. a4 Qa6+ 24. Kf2 Re7 25. Bf1 Qa5 26. Qc3 Qc7 27. Qd2 Rae8
28. Bd3 Re4 29. Re1 f4 30. Bxe4 dxe4 31. Qxf4 Qxf4 32. gxf4 exf3 33. Rxe8+ Bxe8
34. Nc4 Bf7 35. Nd6 Bb3 36. a5 Kf8 37. Nxb7 Bc4 38. Nd8 Bb5 39. Ne6+ Ke7 40.
Nc7 Kd7 41. Nxb5 cxb5 42. a6 Kc7 43. d5 b4 44. d6+ 1-0

[Event "First Saturday 2009 oktober IM-B"]
[Site "Budapest"]
[Date "2009.10.04"]
[Round "2"]
[White "Kislik, Erik Andrew"]
[Black "Boguszlavszkij, Jevgenyij"]
[Result "1/2-1/2"]
[WhiteElo "2339"]
[BlackElo "2256"]
[PlyCount "95"]
[EventDate "2009.10.03"]

1. e4 e5 2. Nf3 Nc6 3. d4 exd4 4. Nxd4 Bc5 5. Be3 Nxd4 6. Bxd4 Bxd4 7. Qxd4 Qf6
8. c3 Qxd4 9. cxd4 d6 10. Nc3 c6 11. O-O-O Bd7 12. g3 O-O-O 13. Bg2 Nh6 14.
Rhe1 Rhe8 15. f4 Kc7 16. h3 f6 17. g4 Nf7 18. f5 b5 19. Ne2 Re7 20. Nf4 Rde8
21. Re2 Bc8 22. Rde1 Nd8 23. d5 c5 24. Ne6+ Kb6 25. Re3 Rg8 26. Bf1 Nf7 27. Rg3
Ne5 28. Ree3 g5 29. Be2 h6 30. Kd2 a5 31. Rg1 Ra7 32. Rh1 b4 33. h4 Ba6 34.
hxg5 hxg5 35. Rh6 Bxe2 36. Rxe2 Rf7 37. Rg2 a4 38. Ke3 b3 39. a3 Kb5 40. Kd2
Re8 41. Kc3 Rg8 42. Rg3 Kb6 43. Rg2 Ka5 44. Kd2 Kb6 45. Ke2 Kb5 46. Rh3 Rb8 47.
Kd2 Rg8 48. Rh6 1/2-1/2

[Event "First Saturday 2009 oktober IM-B"]
[Site "Budapest"]
[Date "2009.10.04"]
[Round "2"]
[White "Szalanczy, Emil"]
[Black "Nguyen, Thi Mai Hung"]
[Result "1/2-1/2"]
[WhiteElo "2354"]
[BlackElo "2213"]
[PlyCount "150"]
[EventDate "2009.10.03"]

1. e4 c5 2. Nf3 d6 3. d4 cxd4 4. Nxd4 Nf6 5. Nc3 a6 6. Be3 e5 7. Nb3 Be6 8. Qd2
Nbd7 9. f3 Be7 10. g4 O-O 11. g5 Nh5 12. O-O-O Nb6 13. Kb1 Rc8 14. Rg1 g6 15.
Qf2 Nc4 16. Bxc4 Rxc4 17. Nd5 Bxd5 18. Rxd5 b5 19. Qd2 Qc7 20. Rd1 Rc8 21. c3
Rb8 22. Bc5 Nf4 23. Bxd6 Bxd6 24. Rxd6 b4 25. cxb4 Rcxb4 26. Rd8+ Kg7 27. Rxb8
Qxb8 28. Nc5 Rd4 29. Qc2 Rxd1+ 30. Qxd1 Qb5 31. Na4 Nh3 32. Nc3 Qc4 33. Qd6
Qf1+ 34. Kc2 Qxf3 35. Qxe5+ Kg8 {after 40 move} 36. b4 Qg2+ 37. Kb3 Nxg5 38.
Ka4 Nf3 39. Qf6 h5 40. Ka5 Nxh2 41. a4 Ng4 42. Qd8+ Kh7 43. Kxa6 Qg3 44. Nd5 h4
45. Qf8 Qf2 46. b5 h3 47. b6 h2 48. b7 h1=Q 49. b8=Q Qa1 50. Qbe8 Qg7 51. Qfe7
g5 52. a5 Nh6 53. Qc6 Ng8 54. Qec7 g4 55. Kb7 g3 56. a6 g2 57. a7 g1=Q 58. a8=Q
Qb1+ 59. Nb6 Nf6 60. e5 Ng4 61. Qae8 Qff5 62. Qce7 Nh6 63. Kc7 Qbe4 64. Nd5
Qfxe5+ 65. Qxe5 Qgxe5+ 66. Qxe5 Qxe5+ 67. Kd8 Kg7 68. Ne7 Qb8+ 69. Kd7 Qa7+ 70.
Kd6 Qa3+ 71. Kd7 Qd3+ 72. Ke8 Qh3 73. Qd5 Qg4 74. Qe5+ f6 75. Qd5 Qa4+ 1/2-1/2

[Event "First Saturday 2009 oktober IM-B"]
[Site "Budapest"]
[Date "2009.10.05"]
[Round "3"]
[White "Malinarski, Yehuda"]
[Black "Farago, Sandor"]
[Result "0-1"]
[WhiteElo "2098"]
[BlackElo "2236"]
[PlyCount "88"]
[EventDate "2009.10.03"]

1. e4 c5 2. Nf3 d6 3. d4 cxd4 4. Nxd4 Nf6 5. Nc3 a6 6. Be3 b5 7. a4 b4 8. Nd5
Bb7 9. Nxf6+ gxf6 10. f3 e6 11. Bc4 Qc8 12. Qe2 Nd7 13. O-O h5 14. Rad1 Be7 15.
Rfe1 Nc5 16. b3 Qc7 17. Qd2 Qa5 18. Qf2 h4 19. Bf1 O-O-O 20. Rb1 f5 21. exf5 e5
22. f6 Bxf6 23. Nf5 Ne6 24. Bb6 Qd5 25. Bxd8 Rxd8 26. Bc4 Qc6 27. Bxe6+ fxe6
28. Nxh4 Rh8 29. Re4 d5 30. Rg4 Qc3 31. Ng6 e4 32. Qe1 Qc5+ 33. Kh1 Rh7 34.
fxe4 dxe4 35. Nf4 Kb8 36. Rd1 Be5 37. Rd8+ Ka7 38. Qg1 e3 39. Qd1 Qc6 40. Qe2
Bc7 41. Rd3 Bb6 42. Ng6 Qc5 43. h4 a5 44. Rg3 Be4 0-1

[Event "First Saturday 2009 oktober IM-B"]
[Site "Budapest"]
[Date "2009.10.05"]
[Round "3"]
[White "Nguyen, Thi Mai Hung"]
[Black "Lyell, Mark"]
[Result "1/2-1/2"]
[WhiteElo "2213"]
[BlackElo "2217"]
[PlyCount "104"]
[EventDate "2009.10.03"]

1. d4 d5 2. Nf3 Nc6 3. e3 Bg4 4. Be2 Nf6 5. O-O Bxf3 6. Bxf3 e5 7. c4 e4 8. Be2
dxc4 9. Bxc4 Bd6 10. Nd2 O-O 11. f3 exf3 12. Nxf3 Qe7 13. a3 Kh8 14. Qc2 a6 15.
Bd3 Rae8 16. Bd2 Ne4 17. Be1 Nd8 18. Bh4 f6 19. Rae1 g5 20. Bxe4 Qxe4 21. Qxe4
Rxe4 22. Bf2 Nf7 23. Nd2 Re6 24. e4 Bf4 25. Be3 Bxe3+ 26. Rxe3 Rd8 27. Nb3 Kg7
28. Rfe1 c6 29. a4 Re7 30. Kf2 Nh6 31. h3 f5 32. exf5 Rxe3 33. Kxe3 Nxf5+ 34.
Kd3 Kf6 35. g4 Nxd4 36. Nxd4 c5 37. Re6+ Kf7 38. Re4 b6 39. Kc3 cxd4+ 40. Rxd4
Rxd4 41. Kxd4 Ke6 42. a5 bxa5 43. Kc5 a4 44. Kb4 Kd5 45. Kxa4 Kc4 46. Ka5 Kb3
47. Kxa6 Kxb2 48. Kb5 Kc3 49. Kc5 Kd3 50. Kd5 Ke3 51. Ke5 Kf3 52. Kf5 Kg3
1/2-1/2

[Event "First Saturday 2009 oktober IM-B"]
[Site "Budapest"]
[Date "2009.10.05"]
[Round "3"]
[White "Boguszlavszkij, Jevgenyij"]
[Black "Szalanczy, Emil"]
[Result "1-0"]
[WhiteElo "2256"]
[BlackElo "2354"]
[PlyCount "105"]
[EventDate "2009.10.03"]

1. d4 c5 2. dxc5 Nf6 3. Nc3 e6 4. e4 Nc6 5. Nf3 Bxc5 6. Bd3 d6 7. O-O h6 8. Na4
Bb4 9. a3 Ba5 10. b4 Bc7 11. Bb2 O-O 12. c4 b6 13. Qe2 Bb7 14. Rfd1 Qe7 15.
Rac1 Rac8 16. Bb1 Nh5 17. Nc3 Nf4 18. Qc2 Ne5 19. Nxe5 dxe5 20. Ne2 Qg5 21.
Nxf4 exf4 22. f3 Be5 23. Bxe5 Qxe5 24. Qc3 Qxc3 25. Rxc3 Rfd8 26. Rxd8+ Rxd8
27. Bd3 Kf8 28. Kf2 Ke7 29. Ke2 Rc8 30. Kd2 Kd6 31. Rc1 g5 32. Kc3 Ke5 33. Re1
Ba6 34. a4 h5 35. Rc1 Rd8 36. a5 bxa5 37. b5 Bb7 38. Ra1 Kd6 39. Rxa5 Kc5 40.
Rxa7 Kb6 41. Ra3 Kc5 42. Ra7 Kb6 43. Ra1 e5 44. Be2 Kc5 45. Ra5 f6 46. Ra7 Kb6
47. Ra1 Kc5 48. g3 fxg3 49. hxg3 h4 50. gxh4 gxh4 51. Rh1 Rh8 52. Bf1 f5 53.
Bd3 {after 55 move} 1-0

[Event "First Saturday 2009 oktober IM-B"]
[Site "Budapest"]
[Date "2009.10.05"]
[Round "3"]
[White "Ferkingstad, Sjur"]
[Black "Kislik, Erik Andrew"]
[Result "0-1"]
[WhiteElo "2292"]
[BlackElo "2339"]
[PlyCount "70"]
[EventDate "2009.10.03"]

1. e4 e5 2. f4 exf4 3. Nf3 g5 4. h4 g4 5. Ne5 Nf6 6. d4 d6 7. Nd3 Nxe4 8. Bxf4
Qe7 9. Qe2 Nc6 10. c3 Bf5 11. Nd2 Nxd2 12. Kxd2 O-O-O 13. Qf2 Qe6 14. g3 Ne5
15. dxe5 dxe5 16. Qxa7 exf4 17. Qa8+ Kd7 18. Qa4+ Qc6 19. Qxc6+ Kxc6 20. gxf4
Bh6 21. c4 Rxd3+ 22. Bxd3 Rd8 23. Rad1 Rxd3+ 24. Ke2 Rxd1 25. Rxd1 Be4 26. Ke3
f5 27. b4 g3 28. a4 b6 29. h5 Bf8 30. b5+ Kb7 31. Kd4 g2 32. Ke5 Bd6+ 33. Kf6
Bxf4 34. c5 bxc5 35. a5 Be3 0-1

[Event "First Saturday 2009 oktober IM-B"]
[Site "Budapest"]
[Date "2009.10.05"]
[Round "3"]
[White "Papp, Petra"]
[Black "Turzo, Attila"]
[Result "1-0"]
[WhiteElo "2192"]
[BlackElo "2314"]
[PlyCount "117"]
[EventDate "2009.10.03"]

1. e4 c5 2. Nf3 e6 3. d4 cxd4 4. Nxd4 Qb6 5. Nb3 Nc6 6. Nc3 Nf6 7. Qe2 d6 8.
Be3 Qc7 9. O-O-O a6 10. g4 b5 11. a3 Ne5 12. g5 Nfd7 13. f4 Nc4 14. Bd4 Bb7 15.
Nd2 Ndb6 16. Nxc4 Nxc4 17. Qe1 Rc8 18. Bd3 e5 19. Nd5 Bxd5 20. exd5 Be7 21. Bc3
O-O 22. Bxh7+ Kxh7 23. Qh4+ Kg8 24. Rd3 f5 25. Qh5 Bxg5 26. fxg5 g6 27. Qxg6+
Qg7 28. Qe6+ Qf7 29. Qh6 Qh7 30. Qe6+ Qf7 31. h4 Qxe6 32. dxe6 Rfe8 33. h5 Rxe6
34. g6 f4 35. h6 Rxg6 36. b3 Nb6 37. h7+ Kg7 38. Rxd6 Rxd6 39. Bxe5+ Kg6 40.
Bxd6 Rh8 41. Bxf4 Rxh7 42. Rxh7 Kxh7 43. Kd2 Kg6 44. Bh2 Kf5 45. Kd3 Ke6 46.
Kd4 Nd7 47. c4 bxc4 48. bxc4 Ke7 49. c5 a5 50. c6 a4 51. Kc4 Nb6+ 52. Kb5 Nc8
53. Bb8 Kd8 54. Kxa4 Ne7 55. Kb5 Kc8 56. Bh2 Nd5 57. a4 Nc3+ 58. Kb4 Nd5+ 59.
Kc5 1-0

[Event "First Saturday 2009 oktober IM-B"]
[Site "Budapest"]
[Date "2009.10.06"]
[Round "4"]
[White "Farago, Sandor"]
[Black "Turzo, Attila"]
[Result "1-0"]
[WhiteElo "2236"]
[BlackElo "2314"]
[PlyCount "69"]
[EventDate "2009.10.03"]

1. e4 c5 2. Nf3 e6 3. d4 cxd4 4. Nxd4 Qb6 5. Nb3 Nc6 6. Be3 Qc7 7. N1d2 Nf6 8.
f4 d6 9. c3 Be7 10. Bd3 O-O 11. Qf3 a6 12. a4 b6 13. O-O Bb7 14. Qh3 Rfd8 15.
Nc4 Nd7 16. e5 g6 17. exd6 Bxd6 18. Nxd6 Qxd6 19. Rad1 Qe7 20. Qg3 Nc5 21. Nxc5
bxc5 22. Qf2 Rd5 23. Bc4 Rxd1 24. Rxd1 Na5 25. Bxc5 Qe8 26. Be2 Qxa4 27. Be7
Qc2 28. Bf6 Qxb2 29. Qd4 Nc6 30. Qe3 Qa3 31. Qb6 Rb8 32. Bf3 Qa5 33. Qxa5 Nxa5
34. Bxb7 Nxb7 35. Rb1 1-0

[Event "First Saturday 2009 oktober IM-B"]
[Site "Budapest"]
[Date "2009.10.06"]
[Round "4"]
[White "Kislik, Erik Andrew"]
[Black "Papp, Petra"]
[Result "0-1"]
[WhiteElo "2339"]
[BlackElo "2192"]
[PlyCount "90"]
[EventDate "2009.10.03"]

1. e4 c5 2. Nf3 d6 3. d4 cxd4 4. Nxd4 Nf6 5. Nc3 a6 6. h3 e6 7. g4 d5 8. exd5
Nxd5 9. Nde2 Bb4 10. Bg2 O-O 11. O-O Nxc3 12. Nxc3 Qc7 13. Qf3 Nc6 14. Bf4 Bd6
15. Bxd6 Qxd6 16. Qe3 Qc7 17. Na4 Bd7 18. Nc5 Rfd8 19. c3 b6 20. Ne4 Rab8 21.
Rfe1 Ne7 22. Ng3 Bc6 23. Bxc6 Qxc6 24. Rad1 Ng6 25. Qg5 Qc7 26. Nh5 h6 27. Qe3
Nh4 28. f3 Rxd1 29. Rxd1 Rd8 30. Re1 Rd2 31. Nf4 Rxb2 32. Rd1 Qc5 33. Rd8+ Kh7
34. Rd4 e5 35. Qe4+ f5 36. gxf5 Nxf3+ 37. Qxf3 exd4 38. Qe4 dxc3+ 39. Kh1 Qb4
40. Qe6 Qb5 41. Nd3 Rd2 42. a4 Qxa4 43. Ne1 Qb5 44. Qg6+ Kh8 45. Nf3 c2 0-1

[Event "First Saturday 2009 oktober IM-B"]
[Site "Budapest"]
[Date "2009.10.06"]
[Round "4"]
[White "Szalanczy, Emil"]
[Black "Ferkingstad, Sjur"]
[Result "0-1"]
[WhiteElo "2354"]
[BlackElo "2292"]
[PlyCount "91"]
[EventDate "2009.10.03"]

1. e4 e6 2. d4 d5 3. Nc3 Nf6 4. e5 Nfd7 5. f4 c5 6. Nf3 Nc6 7. Be3 cxd4 8. Nxd4
Bc5 9. Qd2 O-O 10. h4 a6 11. Rh3 Nxd4 12. Bxd4 b5 13. h5 b4 14. Ne2 a5 15. Qe3
Qc7 16. Bxc5 Nxc5 17. Nd4 Ba6 18. Bd3 a4 19. Kf2 b3 20. Bxa6 Rxa6 21. axb3 axb3
22. Rxa6 Nxa6 23. cxb3 Nc5 24. Kg1 Ne4 25. h6 g6 26. Rf3 Ra8 27. Rf1 Qe7 28.
Nf3 Ng3 29. Rc1 Nf5 30. Qc5 Qxc5+ 31. Rxc5 Nxh6 32. Nd4 Ng4 33. Rc1 Rb8 34. g3
Rb4 35. Rd1 Ne3 36. Rd3 Nf5 37. Nc2 Rb6 38. Kf2 h5 39. b4 Kg7 40. Rc3 g5 41.
fxg5 Kg6 42. Rc7 d4 43. Rc4 d3 44. Ne3 d2 45. Nd1 Kxg5 46. Ke2 {after 36 move}
0-1

[Event "First Saturday 2009 oktober IM-B"]
[Site "Budapest"]
[Date "2009.10.06"]
[Round "4"]
[White "Lyell, Mark"]
[Black "Boguszlavszkij, Jevgenyij"]
[Result "0-1"]
[WhiteElo "2217"]
[BlackElo "2256"]
[PlyCount "90"]
[EventDate "2009.10.03"]

1. e4 g6 2. d4 Bg7 3. Nf3 c6 4. Nc3 d5 5. h3 Nh6 6. Bf4 f6 7. Bd3 Nf7 8. O-O e5
9. dxe5 fxe5 10. Bg3 d4 11. Ne2 Be6 12. Nd2 g5 13. Bc4 Qe7 14. Bh2 Nd6 15. Bxe6
Qxe6 16. Ng3 Nd7 17. Qh5+ Qg6 18. Nf3 Nf7 19. Rfe1 Nf6 20. Qxg6 hxg6 21. Nf1
Nd7 22. Bg3 O-O 23. N1h2 c5 24. c4 b5 25. b3 bxc4 26. bxc4 Rfb8 27. Rab1 Rb4
28. Rxb4 cxb4 29. Ng4 Rc8 30. Rc1 Rc5 31. Kf1 Kf8 32. Ne1 Nd6 33. Ke2 Nxe4 34.
Nd3 Ra5 35. Nxb4 Ra4 36. Nd3 Rxa2+ 37. Kf1 Nxg3+ 38. fxg3 e4 39. Nb4 Rb2 40.
Nd5 Nc5 41. Ra1 a6 42. Ra5 d3 43. Ngf6 Bxf6 44. Nxf6 e3 45. Ra1 Rf2+ 0-1

[Event "First Saturday 2009 oktober IM-B"]
[Site "Budapest"]
[Date "2009.10.06"]
[Round "4"]
[White "Malinarski, Yehuda"]
[Black "Nguyen, Thi Mai Hung"]
[Result "0-1"]
[WhiteElo "2098"]
[BlackElo "2213"]
[PlyCount "90"]
[EventDate "2009.10.03"]

1. e4 c5 2. Nf3 d6 3. d4 cxd4 4. Nxd4 Nf6 5. Nc3 a6 6. Be3 e5 7. Nb3 Be6 8. f3
Be7 9. Qd2 Nbd7 10. O-O-O O-O 11. Kb1 b5 12. g4 Nb6 13. Qf2 Nfd7 14. Na5 Qc7
15. Bxb5 axb5 16. Nxb5 Bxa2+ 17. Kc1 Qc8 18. Nxd6 Bxd6 19. Rxd6 Rxa5 20. Bxb6
Ra6 21. Rhd1 Bb3 22. Kb1 Bxc2+ 23. Qxc2 Ra1+ 24. Kxa1 Qxc2 25. Rxd7 Ra8+ 26.
Ba7 Rxa7+ 27. Rxa7 Qxd1+ 28. Ka2 g5 29. Ra3 Qe2 30. h3 Qh2 31. Rc3 Qxh3 32. b4
Qf1 33. Kb3 Kg7 34. Ka4 Qa6+ 35. Kb3 f6 36. Rc5 Qe2 37. Rc3 Kg6 38. Ka4 Qa6+
39. Kb3 h5 40. gxh5+ Kxh5 41. Rc5 Qe2 42. Rc3 g4 43. fxg4+ Kxg4 44. Rc5 Qd3+
45. Rc3 Qb1+ 0-1

[Event "First Saturday 2009 oktober IM-B"]
[Site "Budapest"]
[Date "2009.10.07"]
[Round "5"]
[White "Nguyen, Thi Mai Hung"]
[Black "Farago, Sandor"]
[Result "1-0"]
[WhiteElo "2213"]
[BlackElo "2236"]
[PlyCount "85"]
[EventDate "2009.10.03"]

1. d4 Nf6 2. c4 g6 3. Nc3 d6 4. e4 Bg7 5. Nf3 O-O 6. Be2 Nc6 7. d5 Nb8 8. O-O
Nbd7 9. Be3 c5 10. Ne1 a6 11. f4 Rb8 12. a4 b6 13. h3 Ne8 14. Qd2 e6 15. f5
exf5 16. exf5 Ne5 17. fxg6 hxg6 18. Nf3 Bf5 19. Rf2 Rb7 20. Raf1 Qc8 21. Nh4
Bd7 22. b3 Qd8 23. Bg5 f6 24. Bf4 g5 25. Bxe5 gxh4 26. Bf4 f5 27. Bd3 Qf6 28.
Ne2 Qg6 29. Bg5 Nf6 30. Bxh4 Ne4 31. Bxe4 fxe4 32. Rxf8+ Bxf8 33. Rf6 Qh5 34.
Bg3 Be8 35. Nf4 Bh6 36. Qe1 Qg5 37. Bh4 Qg7 38. Ne6 Qh7 39. Qg3+ Kh8 40. Bg5
Bg7 41. Nxg7 Kxg7 42. Bh6+ Kxf6 43. Qxd6+ 1-0

[Event "First Saturday 2009 oktober IM-B"]
[Site "Budapest"]
[Date "2009.10.07"]
[Round "5"]
[White "Boguszlavszkij, Jevgenyij"]
[Black "Malinarski, Yehuda"]
[Result "1/2-1/2"]
[WhiteElo "2256"]
[BlackElo "2098"]
[PlyCount "69"]
[EventDate "2009.10.03"]

1. g3 Nf6 2. Bg2 c5 3. e4 d6 4. Ne2 g6 5. O-O Bg7 6. d4 cxd4 7. Nxd4 O-O 8. Nc3
a6 9. a4 h6 10. Nd5 Nxd5 11. exd5 Nd7 12. Ra2 Nf6 13. h3 e5 14. dxe6 fxe6 15.
c4 e5 16. Nc2 Qc7 17. b3 Be6 18. Ne3 Kh7 19. Rd2 Rfd8 20. Ba3 Bf8 21. Qf3 Be7
22. Rfd1 Ne8 23. Nd5 Bxd5 24. Rxd5 Kg7 25. R5d3 Rab8 26. Qd5 Qc8 27. Qf3 Qc7
28. Qg4 Qc8 29. Qe2 Qc7 30. Bb2 Bf6 31. Be4 b5 32. axb5 axb5 33. Qg4 Qf7 34. f4
h5 35. Qf3 {after 13 move} 1/2-1/2

[Event "First Saturday 2009 oktober IM-B"]
[Site "Budapest"]
[Date "2009.10.07"]
[Round "5"]
[White "Ferkingstad, Sjur"]
[Black "Lyell, Mark"]
[Result "1-0"]
[WhiteElo "2292"]
[BlackElo "2217"]
[PlyCount "65"]
[EventDate "2009.10.03"]

1. e4 e5 2. f4 exf4 3. Nf3 g5 4. h4 g4 5. Ne5 d6 6. Nxg4 Nf6 7. Nxf6+ Qxf6 8.
Nc3 Nc6 9. Bb5 Kd8 10. Bxc6 bxc6 11. Qf3 Rg8 12. d3 Bh6 13. Qf2 Rb8 14. Ne2 f3
15. Qxf3 Qxf3 16. gxf3 Bxc1 17. Rxc1 Rxb2 18. Kd2 Rxa2 19. Rcg1 Rh8 20. Rg7 Ke7
21. Rhg1 Kf8 22. f4 Rb2 23. f5 a5 24. f6 Rb8 25. h5 h6 26. Nf4 a4 27. Ng6+ fxg6
28. hxg6 Be6 29. Re7 Rg8 30. g7+ Rxg7 31. Rexg7 a3 32. Rh7 Rb5 33. Rgg7 1-0

[Event "First Saturday 2009 oktober IM-B"]
[Site "Budapest"]
[Date "2009.10.07"]
[Round "5"]
[White "Papp, Petra"]
[Black "Szalanczy, Emil"]
[Result "1-0"]
[WhiteElo "2192"]
[BlackElo "2354"]
[PlyCount "73"]
[EventDate "2009.10.03"]

1. e4 c5 2. Nf3 d6 3. d4 cxd4 4. Nxd4 Nf6 5. Nc3 g6 6. Be3 Bg7 7. f3 Nc6 8. Qd2
h5 9. O-O-O Bd7 10. Kb1 a6 11. Be2 b5 12. h3 h4 13. Nd5 Rc8 14. Nxc6 Bxc6 15.
Bb6 Qd7 16. Nxf6+ Bxf6 17. Bd4 Qe6 18. Rhe1 O-O 19. Bf1 Bxd4 20. Qxd4 Qe5 21.
Qf2 g5 22. Bd3 Kg7 23. Rg1 Qg3 24. Qd4+ Qe5 25. Qf2 Qc5 26. Qd2 Rh8 27. g3 f6
28. f4 gxf4 29. gxf4+ Kf8 30. e5 Rg8 31. Rxg8+ Kxg8 32. Qe2 Kf8 33. exf6 exf6
34. Qe6 Bd5 35. Qxf6+ Bf7 36. Bg6 Rc7 37. Re1 1-0

[Event "First Saturday 2009 oktober IM-B"]
[Site "Budapest"]
[Date "2009.10.08"]
[Round "6"]
[White "Farago, Sandor"]
[Black "Kislik, Erik Andrew"]
[Result "1-0"]
[WhiteElo "2236"]
[BlackElo "2339"]
[PlyCount "95"]
[EventDate "2009.10.03"]

1. d4 Nf6 2. c4 e6 3. Nf3 d5 4. cxd5 exd5 5. Qc2 Be7 6. Nc3 O-O 7. Bg5 b6 8. e3
h6 9. Bh4 Bb7 10. Bd3 Na6 11. a3 c5 12. Ne5 Nc7 13. Bf5 Ne4 14. Bg3 Nxg3 15.
hxg3 Bd6 16. f4 Bxe5 17. dxe5 f6 18. g4 fxe5 19. O-O-O exf4 20. exf4 Qd6 21. g3
d4 22. Bh7+ Kh8 23. Ne4 Bxe4 24. Bxe4 Rae8 25. g5 Re6 26. f5 Re5 27. gxh6 gxh6
28. g4 Qf6 29. Rh5 Kg8 30. g5 hxg5 31. Rg1 Rfe8 32. Rgxg5+ Kf8 33. Qg2 Ke7 34.
Rg6 Qf8 35. Qg5+ Kd7 36. Bc6+ Kc8 37. Bxe8 Rxe8 38. Rh7 Kb8 39. Qf4 Re7 40. Qd6
Rf7 41. Qxf8+ Rxf8 42. Rgg7 Rxf5 43. Rxc7 Rf1+ 44. Kc2 Rf2+ 45. Kd3 Rxb2 46.
Rb7+ Kc8 47. Rbg7 c4+ 48. Kxc4 1-0